000 01076nam a22003137a 4500
003 CHAP
005 20220329134320.0
008 971013s1984 r 00010 d
010 _a18598
011 _a19570
035 _a23655
040 _cCHAP
090 _aTesis
100 0 0 _aAlfonso Laguna, Lyber.
_93935
245 _aEstudio comparativo sobre la evolución morfogenética de los suelos manejados bajo el sistema agrícola roza-Tumba quema en la región de Chancalá mpio. de Palenque, Chiapas
260 _aChapingo, Méx., :
_bEl autor,
_c1984
300 _a126 h.
_b: ilus. ; mapas
502 _aTesis (Ing. Agr. Esp. en Suelos) -- UACH. Departamento de Suelos
590 _aALEPH
_b10
_c20130110
_lUCH01
_h1241
590 _aBATCH-UPD
_b10
_c20130110
_lUCH01
_h1527
590 _aCONVERSION
_b10
_c20130109
_lUCH01
_h1311
650 1 4 _aRaza.
_994876
650 1 4 _aSistemas de cultivo.
_9106746
650 1 4 _aSuelos
_xChiapas.
_9110236
650 1 4 _aSuelos
_xEstructura.
_9110360
901 _aBK
942 _cTESIS
949 _bBC
_cTES
_d-54936
_eTS1
_i23655
_si
999 _c18598
_d18598